000 00856cam a22003017a 4500
003 CHAP
005 20220329140309.0
008 971013s1917 r 00010 d
010 _a49945
011 _a50917
035 _a55067
040 _cCHAP
090 _aTesis
100 0 0 _aRodríguez, Luis.
_999001
245 1 4 _aLos suelos y sus mejoras
260 _aChapingo, Méx. :
_bEl autor,
_c1917
300 _a57 p.
502 _aTesis (Ing. Agr.) -- ENA
590 _aALEPH
_b10
_c20130110
_lUCH01
_h1323
590 _aBATCH-UPD
_b10
_c20130110
_lUCH01
_h0447
590 _aBATCH-UPD
_b10
_c20130410
_lUCH01
_h0123
590 _aBATCH-UPD
_b10
_c20130914
_lUCH01
_h2007
590 _aCONVERSION
_b10
_c20130109
_lUCH01
_h1327
650 1 4 _aSuelos
_xMejoramiento.
_9110431
901 _aBK
942 _cTESIS
949 _bBC
_cTES
_d-121082
_eTS1
_i55067
_si
999 _c49945
_d49945